Follow That Line: Unbreakable Kimmy Schmidt Season 2 Quiz Stats

 Plays Quiz not verified by Sporcle

Also try: '80s Sitcoms
Challenge
Share
Tweet
Embed
Score 0/30 Timer 10:00
0 Plays Today
% Correct
Just diet and exercise. You're not holding a mannequin hand.
93%
It was a total bangfest!
91%
Yes, but only frontways and probably. Oh wait, I said that backwards!
84.8%
His name is Robert Durst and he only did that because he likes you.
84.8%
Please! What's scary about books? Just a bunch of leather-bound paper that used to be cows and trees and they won't rest until we pay for what we've done to them!
84.4%
That is 'A Glorious Morning', a now-banned classic from the black version of Oklahoma! called Alabama!
83.2%
I get it. I kind of have a Kyle and Maxine thing with my boss. Oh, you don't know Living Single but I'm supposed to know everything about Frasier?
82.4%
Well, who knows, really. As Beyonce would say, 'I woke up like dis!'
80.7%
You can't be mad with a cone in your paw.
79.5%
A one-man show.
79.1%
Bagels with scream cheese, French ghost, etc.
77.5%
That's a lie and you know it.
77.5%
Why are they haunting Pac-Man? What did he do to them?
76.6%
I mean building. This is a normal apartment building everyone.
76.6%
That's a dumb name for how fierce I'm being right now.
76.2%
% Correct
Olives, cashews, P. Diddy vodka.
76.2%
I'm a man.
74.2%
When Samuel L. Jackson asks what's in my wallet, the answer is ketchup packets.
73%
Because my eyes are large and my hair is like beautiful spaghetti.
72.5%
Standing up. It's the only way I can.
71.3%
They make the best vodka in a glass.
66%
Are you now or have you ever been a member of Arcade Fire?
63.9%
That place where they cut your hair during plastic surgery.
62.7%
That's true. I will.
62.3%
I can't get pregnant.
58.6%
Yeah Malala.
38.1%
Hey, what's that? A really tall fence!
37.3%
Women are funny! Take that original Ghostbusters!
36.9%
So it's not like this is Green Eggs and Ham.
30.7%
There is no God! Oh Lucifer, receive your servant!
25.4%

You're not logged in!

Compare scores with friends on all Sporcle quizzes.
Join for Free
OR
Log In

You Might Also Like...

Show Comments

Extras

Top Quizzes Today


Score Distribution

Your Account Isn't Verified!

In order to create a playlist on Sporcle, you need to verify the email address you used during registration. Go to your Sporcle Settings to finish the process.

Report this User

Report this user for behavior that violates our Community Guidelines.

Details: